Son of a Son: Popular Last Names That End in Son - Statistics

General Stats
  • This quiz has been taken 474 times
  • The average score is 47 of 200
Answer Stats
LAST NAME % Correct
Johnson
90%
Mason
86%
Wilson
86%
Jackson
84%
Anderson
80%
Cason
78%
Thomson
77%
Carson
73%
Robson
73%
Peterson
71%
Harrison
69%
Richardson
68%
Davison
66%
Samson
65%
Willison
65%
Benson
64%
Roberson
64%
Paulson
62%
Henson
60%
Williamson
60%
Jameson
59%
Robertson
59%
Thompson
59%
Davidson
58%
Ericson
56%
Hanson
56%
Ison
56%
Lawson
54%
Olson
54%
Nelson
52%
Stevenson
52%
Larson
50%
Carlson
48%
Watson
48%
Jefferson
47%
Jenson
47%
Morrison
46%
Robison
45%
Dawson
44%
Grayson
44%
Matson
44%
Parson
44%
Donaldson
43%
Manson
42%
Robinson
42%
Henderson
41%
Simpson
40%
Danielson
39%
Nicholson
39%
Stephenson
39%
Colson
37%
Adamson
36%
Mattson
34%
Dickson
33%
Ellison
33%
Denson
32%
Garrison
31%
Madison
31%
Patterson
31%
Allison
30%
Hudson
30%
Jacobson
30%
Clarkson
28%
Jamison
28%
Person
28%
Sampson
27%
Smithson
27%
Tyson
27%
Albertson
26%
Frederickson
26%
Samuelson
26%
Sanderson
26%
Branson
25%
Erickson
25%
Swanson
25%
Thomason
25%
Martinson
23%
Pearson
23%
Wesson
23%
Vinson
22%
Addison
21%
Bronson
21%
Christianson
21%
Dennison
21%
Bryson
20%
Ferguson
20%
Gibson
20%
Neilson
19%
Nielson
18%
Johanson
17%
Nilson
17%
Emerson
16%
Nason
15%
Atkinson
14%
Corson
14%
Hutson
14%
Isaacson
14%
Parkinson
14%
Pierson
14%
Simonson
14%
Wilkinson
14%
Paterson
13%
Pattison
13%
Burson
12%
Christopherson
12%
Gilson
12%
Matheson
12%
Munson
12%
Denison
11%
Dobson
11%
Dyson
11%
Iverson
11%
Wilkerson
11%
Woodson
11%
Dickerson
10%
Eason
10%
Gleason
10%
Hutchison
10%
Thorson
10%
Whitson
10%
Batson
9%
Dickinson
9%
Masterson
9%
Melson
9%
Rawson
9%
Sorenson
9%
Swenson
9%
Tomlinson
9%
Wasson
9%
Abrahamson
8%
Christenson
8%
Edmondson
8%
Everson
8%
Hickson
8%
Hobson
8%
Hutchinson
8%
Jamieson
8%
Monson
8%
Deason
7%
Dodson
7%
Dotson
7%
Goodson
7%
Gunderson
7%
Harrelson
7%
Hendrickson
7%
Hodson
7%
Jorgenson
7%
Levinson
7%
Mickelson
7%
Stinson
7%
Abramson
6%
Alderson
6%
Aronson
6%
Magnuson
6%
Pinson
6%
Gilbertson
5%
Gustafson
5%
Hinson
5%
Hodgson
5%
Mattison
5%
Nickerson
5%
Pederson
5%
Brunson
4%
Clawson
4%
Coulson
4%
Evenson
4%
Halverson
4%
Harbison
4%
Hardison
4%
Hopson
4%
Hutcheson
4%
Matteson
4%
McPherson
4%
Tolson
4%
Amundson
3%
Beason
3%
Beeson
3%
Knutson
3%
Brinson
2%
Burleson
2%
Faison
2%
Gadson
2%
Hickerson
2%
Hutcherson
2%
Jamerson
2%
Knudson
2%
MacPherson
2%
Amerson
1%
Atchison
1%
Ellingson
1%
Epperson
1%
Frierson
1%
Fulkerson
1%
Halvorson
1%
Hixson
1%
Severson
1%
Sisson
1%
Culbertson
0%
Gipson
0%
Torgerson
0%
No matching quizzes found
Score Distribution
Percent of People with Each Score
Percentile by Number Answered
Your Score History
You have not taken this quiz